Datum a čas kvízu
32.5
Celkem bodů
Celkový počet nahraných bodů na tomto kvízu bez doplňovacích otázek.
5.
Pořadí na kvízu
Konečné umístění týmu na tomto kvízu.
Zaznamenané odpovědi
| # | Otázka | Odpověď | Body | Výsledky |
|---|---|---|---|---|
| 1. | Aktuální popularity čínské zub... | Jana Maláčová | 1 | |
| 2. | Britský magazín Time Out každo... | Bangkok | 0 | |
| 3. | Zářijové vydání magazínu Playb... | Dominika Myslivcová | 1 | |
| 4. | Ve čtvrtek sjel z výrobní link... | Švédsko | 1 | |
| 5. | Italskému fotografovi Rayovi G... | Jasmine Paolini | 1 | |
| 6. | Jak se nazývá věda, která se z... | adiktologie | 1 | |
| 7. | V dnešní době se hodně mluví o... | A) netolismus | 0 | |
| 8. | Na fotografii vidíte asi nejzn... | Katka, Helena Třeštíková | 1 | |
| 9. | Při léčbě některých závislostí... | C | 0 | |
| 10. | Téma zakončíme u knih. Holky n... | Ivona Březinová | 1 |